000 00313nam a2200121 a 4500
005 20140414131924.0
008 101027s19uu xx 00 eng d
050 _aER
_bW85 1987
100 _aGibson, Helen
245 _aWoorayl the Lyrebird.
260 _aCleveland :
_bModern Curriculum,
_c1987.
999 _c111930
_d111930